Bệnh học cơ xương khớp nội khoa : Mã số: Đ.01.Z05.W

Trình bày các kiến thức cơ bản và phương pháp chẩn đoán, điều trị các bệnh về cơ xương khớp như bệnh thấp khớp, thoái hóa khớp, bệnh xương khớp do chuyển hóa, bệnh lý nhiễm khuẩn ở bộ máy vận động, các bệnh về xương, bệnh về...

Description complète

Enregistré dans:
Détails bibliographiques
Auteur principal: Nguyễn, Thị Ngọc Lan
Format: Livre
Langue:Undetermined
Publié: Hà Nội Giáo dục Việt Nam 2010
Sujets:
Tags: Ajouter un tag
Pas de tags, Soyez le premier à ajouter un tag!
Thư viện lưu trữ: Trung tâm Học liệu Trường Đại học Cần Thơ
LEADER 01059nam a2200229Ia 4500
001 CTU_158581
008 210402s9999 xx 000 0 und d
020 |c 99000 
082 |a 616.72 
082 |b L105 
100 |a Nguyễn, Thị Ngọc Lan 
245 0 |a Bệnh học cơ xương khớp nội khoa : 
245 0 |b Mã số: Đ.01.Z05.W 
245 0 |c Chủ biên: Nguyễn Thị Ngọc Lan 
260 |a Hà Nội 
260 |b Giáo dục Việt Nam 
260 |c 2010 
520 |a Trình bày các kiến thức cơ bản và phương pháp chẩn đoán, điều trị các bệnh về cơ xương khớp như bệnh thấp khớp, thoái hóa khớp, bệnh xương khớp do chuyển hóa, bệnh lý nhiễm khuẩn ở bộ máy vận động, các bệnh về xương, bệnh về cơ,.. 
650 |a Joints,Connective tissues 
650 |x Diseases,Diseases 
904 |i Giang 
980 |a Trung tâm Học liệu Trường Đại học Cần Thơ